| 000 | 00713cam a22002411 4500 | ||
|---|---|---|---|
| 001 | sa 68011048 | ||
| 003 | DLC | ||
| 005 | 20260227112557.0 | ||
| 008 | 890623s1968 ii acf 100 0 tamo | ||
| 010 | _asa 68011048 | ||
| 035 | _a(OCoLC)19919224 | ||
| 040 |
_aDLC _cWaU _dDLC |
||
| 041 | 0 |
_atam _aeng |
|
| 042 | _apremarc | ||
| 050 | 0 | 0 |
_aPL4751 _b.A3 1968a |
| 111 | 2 |
_aInternational Conference-Seminar of Tamil Studies _n(2nd : _d1968 : _cMadras, India) |
|
| 245 | 1 | 0 | _aUlakat Tamil̲ Mānāṭu vil̲ā malar. |
| 260 | _c1968. | ||
| 300 |
_a1 v. (various pagings) _billus. (part col.), col. plates, ports. _c28 cm. |
||
| 500 | _aCover title. | ||
| 500 | _aTamil or English. | ||
| 650 | 0 | _aTamil philology. | |
| 999 |
_c83701 _d83701 |
||